[Event "Integracyjny Turniej FIANCHETTO"]
[Site "Jastrzebia Gora"]
[Date "2013.??.??"]
[Round "3.15"]
[White "Woda, Janusz"]
[Black "Olszewski, Jerzy"]
[Result "1-0"]
[WhiteElo "1554"]
[BlackElo "1778"]
[PlyCount "145"]
[EventDate "2013.??.??"]

1. b4 Nf6 2. Bb2 e6 3. b5 Be7 4. c4 O-O 5. e3 d5 6. cxd5 Nxd5 7. Nc3 Bf6 8. Qb3
c6 9. Nf3 Qa5 10. Nxd5 Bxb2 11. Qxb2 cxd5 12. Bd3 Nd7 13. O-O Nf6 14. Ne5 Bd7
15. Rab1 Qc7 16. Rfc1 Qd6 17. g4 Rfc8 18. f3 Be8 19. Kf2 Nd7 20. f4 Nc5 21. Bc2
Rc7 22. d4 Nd7 23. Bd3 Rac8 24. Kg3 f6 25. Rxc7 Qxc7 26. Nxd7 Bxd7 27. Qb4 Be8
28. Qb3 Bf7 29. b6 Qxb6 30. Qxb6 axb6 31. Rxb6 Rc7 32. Kf3 Be8 33. Ke2 Bd7 34.
Kd2 h6 35. Bg6 Kf8 36. Rb4 Bc8 37. a4 Ke7 38. a5 Rc6 39. Bd3 Rc7 40. Be2 Kd6
41. Rb1 Ke7 42. h4 Kd6 43. g5 hxg5 44. hxg5 fxg5 45. fxg5 e5 46. Rf1 exd4 47.
exd4 Be6 48. Rb1 Bf5 49. Rb6+ Kd7 50. Bf3 Be6 51. Ke3 Bf7 52. Bg4+ Ke7 53. Kf4
Be8 54. Re6+ Kf8 55. Rd6 Bc6 56. g6 Ke7 57. Ke5 Kf8 58. Rd8+ Be8 59. Bf5 Ke7
60. Rxd5 Rc6 61. Rc5 Ra6 62. Rc7+ Kf8 63. Rxb7 Bxg6 64. Bxg6 Rxg6 65. d5 Ra6
66. Rb5 Ke7 67. Rb7+ Kf8 68. Rb5 Ke7 69. Kd4 Kd7 70. Ke5 Ke8 71. d6 Ra7 72. Ke6
Ra8 73. Rh5 1-0

[Event "Integracyjny Turniej FIANCHETTO"]
[Site "Jastrzebia Gora"]
[Date "2013.??.??"]
[Round "3.16"]
[White "Grobelna, Ewa"]
[Black "Zieba, Teofil"]
[Result "1/2-1/2"]
[WhiteElo "1541"]
[BlackElo "1767"]
[PlyCount "49"]
[EventDate "2013.??.??"]

1. d4 Nf6 2. Nc3 d5 3. Nf3 g6 4. a3 Bg7 5. e3 O-O 6. Bd3 c6 7. h3 Re8 8. O-O
Nbd7 9. e4 dxe4 10. Nxe4 Nxe4 11. Bxe4 Nf6 12. Bd3 Nh5 13. c3 Qd5 14. Re1 Qd6
15. Ne5 Be6 16. g4 Nf6 17. Bf4 Nd5 18. Bg3 Qd8 19. Qc2 Nb6 20. Rad1 Qc8 21. Qe2
Qd8 22. Kh2 Nd7 23. f4 Nf8 24. f5 Bc8 25. fxg6 1/2-1/2

[Event "Integracyjny Turniej FIANCHETTO"]
[Site "Jastrzebia Gora"]
[Date "2013.??.??"]
[Round "3.17"]
[White "Serbinowski, Mieczyslaw"]
[Black "Tomczyk, Ryszard"]
[Result "0-1"]
[WhiteElo "1766"]
[BlackElo "1459"]
[PlyCount "95"]
[EventDate "2013.??.??"]

1. e4 c5 2. Nf3 Nc6 3. d4 cxd4 4. Nxd4 Nf6 5. Nc3 e6 6. Be2 Be7 7. O-O Ne5 8.
f4 Ng6 9. e5 Ng8 10. Kh1 Bb4 11. Ne4 a6 12. c3 Be7 13. Nf3 Nh6 14. Nd6+ Bxd6
15. Qxd6 Nf5 16. Qa3 Nfe7 17. g4 O-O 18. h4 Nd5 19. g5 Ngxf4 20. Bxf4 Nxf4 21.
Nd4 Ng6 22. Nf3 Qc7 23. Qd6 Qc6 24. Qxc6 bxc6 25. Kh2 Ra7 26. Kg3 Rd8 27. h5
Ne7 28. c4 Nf5+ 29. Kf4 d6 30. exd6 Rxd6 31. Rfd1 Rad7 32. Rxd6 Rxd6 33. Rd1
Rxd1 34. Bxd1 Kf8 35. Bc2 g6 36. h6 Ke8 37. Bxf5 gxf5 38. Ne5 Bb7 39. g6 fxg6
40. Nxg6 Kf7 41. Ne5+ Kf6 42. c5 Ba8 43. b4 Bb7 44. a4 Ba8 45. b5 axb5 46. axb5
cxb5 47. c6 Bxc6 48. Nxc6 0-1

[Event "Integracyjny Turniej FIANCHETTO"]
[Site "Jastrzebia Gora"]
[Date "2013.??.??"]
[Round "3.19"]
[White "Wysocki, Mieczyslaw"]
[Black "Grabarczyk, Edmund"]
[Result "0-1"]
[WhiteElo "1762"]
[BlackElo "1394"]
[PlyCount "132"]
[EventDate "2013.??.??"]

1. e4 c5 2. Nf3 Nc6 3. d4 cxd4 4. Nxd4 Nf6 5. Bc4 Nxe4 6. O-O e6 7. c3 d5 8.
Bb3 g6 9. Re1 Bg7 10. Be3 O-O 11. f3 Nd6 12. Nd2 e5 13. Nxc6 bxc6 14. Nf1 Re8
15. Ba4 Bd7 16. Qd2 Nf5 17. Bf2 Qc7 18. Rad1 Bh6 19. Qd3 Nd6 20. Bb3 a5 21. Ng3
a4 22. Bc2 Nc4 23. Rb1 Rab8 24. Bxa4 Rxb2 25. Bb3 Rxb1 26. Rxb1 Nd2 27. Rd1
Nxb3 28. axb3 Be6 29. b4 Ra8 30. Qc2 Qb7 31. Bc5 Qa6 32. Re1 f6 33. Rb1 Qc4 34.
Rb2 Ra1+ 35. Kf2 Bf4 36. Be3 Bxg3+ 37. Kxg3 g5 38. h3 Rh1 39. Kf2 Qh4+ 40. g3
Qxh3 41. Ke2 Qxg3 42. Bf2 Rh2 43. Ke1 Qxf3 44. Qe2 Qxe2+ 45. Kxe2 e4 46. Ra2
Bg4+ 47. Ke3 Rh3+ 48. Kd2 Rd3+ 49. Kc2 Bd1+ 50. Kc1 Bb3 51. Ra8+ Kg7 52. Bd4
Bc4 53. Rd8 h5 54. Rd6 Rxd4 55. cxd4 Bb5 56. Kd2 h4 57. Ke3 h3 58. Kf2 Kf7 59.
Rd7+ Ke6 60. Rh7 g4 61. Kg3 e3 62. Rh8 e2 63. Kxg4 h2 64. Kf3 e1=N+ 65. Kg3 Nc2
66. Rxh2 Nxd4 0-1

[Event "Integracyjny Turniej FIANCHETTO"]
[Site "Jastrzebia Gora"]
[Date "2013.??.??"]
[Round "3.20"]
[White "Zawada, Andrzej"]
[Black "Szynwelski, Ryszard"]
[Result "1-0"]
[WhiteElo "1718"]
[BlackElo "1320"]
[PlyCount "93"]
[EventDate "2013.??.??"]

1. e4 e5 2. Nf3 Nc6 3. Nc3 Nf6 4. Bb5 d6 5. h3 Bd7 6. d3 h6 7. Ne2 Qe7 8. c3
Na5 9. Qa4 Nc6 10. Ng3 a6 11. O-O Qd8 12. Bxc6 Bxc6 13. Qc2 Qd7 14. a4 g6 15.
d4 Qe7 16. Re1 Bd7 17. Qb3 Rb8 18. Qc4 c6 19. b4 Rc8 20. Bb2 b5 21. Qd3 Nh5 22.
Ne2 g5 23. axb5 axb5 24. Ra7 Qd8 25. dxe5 g4 26. hxg4 Bxg4 27. exd6 Bxd6 28. e5
Be7 29. Qxd8+ Rxd8 30. Nfd4 Rg8 31. Nxc6 Bf3 32. Nxe7 Rxg2+ 33. Kf1 Rh2 34. Nf5
Bxe2+ 35. Kxe2 Nf4+ 36. Kf3 Nd3 37. Nd6+ Rxd6 38. exd6+ Nxe1+ 39. Ke2 Nc2 40.
Re7+ Kd8 41. Rxf7 Rh1 42. c4 Nxb4 43. Bf6+ Ke8 44. Re7+ Kd8 45. Rc7+ Ke8 46.
d7+ Kf7 47. d8=Q+ 1-0

[Event "Integracyjny Turniej FIANCHETTO"]
[Site "Jastrzebia Gora"]
[Date "2013.??.??"]
[Round "3.21"]
[White "Budnik, Kazimierz"]
[Black "Zatylny, Jan"]
[Result "0-1"]
[WhiteElo "1326"]
[BlackElo "1583"]
[PlyCount "60"]
[EventDate "2013.??.??"]

1. e4 e6 2. d4 d5 3. e5 a6 4. Nf3 h6 5. a4 c5 6. c3 Nc6 7. b3 Qb6 8. Ba3 Be7 9.
Be2 cxd4 10. Bxe7 Ngxe7 11. cxd4 Nf5 12. O-O Nfxd4 13. Nxd4 Nxd4 14. a5 Qa7 15.
Bd3 Bd7 16. Nc3 O-O 17. b4 Nc6 18. b5 Nxe5 19. b6 Qb8 20. Be2 Qd6 21. Ne4 Qe7
22. Ng3 Rac8 23. Qd4 Nc6 24. Qb2 Qb4 25. Qa2 Nd4 26. Rfb1 Qe7 27. Bd1 Bb5 28.
Qd2 Nc6 29. f4 Qf6 30. Kh1 30... d4 {(...57)} 0-1

[Event "Integracyjny Turniej FIANCHETTO"]
[Site "Jastrzebia Gora"]
[Date "2013.??.??"]
[Round "3.23"]
[White "Chmielowski, Stefan"]
[Black "Radwan, Jan"]
[Result "0-1"]
[WhiteElo "1678"]
[BlackElo "1651"]
[PlyCount "75"]
[EventDate "2013.??.??"]

1. d4 Nf6 2. Nf3 d6 3. c4 c6 4. Nc3 h6 5. e4 Bg4 6. Be2 Nbd7 7. h3 Bh5 8. O-O
e6 9. Bf4 Bxf3 10. Bxf3 e5 11. dxe5 dxe5 12. Be3 Be7 13. Qb3 Qc7 14. a3 O-O 15.
Qc2 Nh7 16. b4 Ng5 17. Bg4 Nf6 18. Be2 Ne6 19. Rfd1 b6 20. f3 Nh5 21. Bf2 Nhf4
22. Bg3 Nh5 23. Bh2 Nhf4 24. Rd2 Nd4 25. Qb2 Ndxe2+ 26. Nxe2 Ng6 27. Bg3 Bg5
28. Rd3 Rfe8 29. Rad1 Nf8 30. Bf2 Re6 31. c5 Ree8 32. cxb6 axb6 33. g3 Qb7 34.
Kh1 Qc8 35. Kh2 Qc7 36. h4 Be7 37. Qc3 Rec8 38. Be3 {(...60)} 0-1

[Event "Integracyjny Turniej FIANCHETTO"]
[Site "Jastrzebia Gora"]
[Date "2013.??.??"]
[Round "3.24"]
[White "Borkowski, Jozef"]
[Black "Przybylak, Gabriela"]
[Result "1-0"]
[WhiteElo "1673"]
[BlackElo "1376"]
[PlyCount "90"]
[EventDate "2013.??.??"]

1. e4 c5 2. Nf3 e6 3. c4 h6 4. Nc3 Nc6 5. a3 b6 6. d3 Bb7 7. Be2 Nge7 8. Bf4
Ng6 9. Bg3 a6 10. d4 d6 11. d5 Na7 12. O-O e5 13. b4 Be7 14. Bd3 O-O 15. Nd2
Nc8 16. Ne2 Bf6 17. Rb1 Bh4 18. h3 Bf6 19. f4 exf4 20. Nxf4 Bd4+ 21. Kh2 Nh4
22. Qg4 Ng6 23. Nxg6 fxg6 24. Qxg6 Ne7 25. Qxd6 Qxd6 26. Bxd6 Rfe8 27. Nf3 Bf6
28. e5 Bg5 29. Nxg5 hxg5 30. bxc5 Rf8 31. Rxf8+ Kxf8 32. Rxb6 Bc8 33. Rb8 Rxb8
34. Bxb8 Ke8 35. g4 Bd7 36. c6 Bc8 37. Be4 a5 38. d6 Ng8 39. d7+ Bxd7 40. cxd7+
Kd8 41. e6 g6 42. c5 Ne7 43. c6 Nxc6 44. Bxc6 Ke7 45. Bc7 a4 1-0

[Event "Integracyjny Turniej FIANCHETTO"]
[Site "Jastrzebia Gora"]
[Date "2013.??.??"]
[Round "3.25"]
[White "Jagiello, Adolf"]
[Black "Jurkiewicz, Kazimierz"]
[Result "0-1"]
[WhiteElo "1386"]
[BlackElo "1437"]
[PlyCount "82"]
[EventDate "2013.??.??"]

1. e4 c6 2. d4 d5 3. Nc3 e6 4. Nf3 Bb4 5. Bd2 Ne7 6. a3 Bxc3 7. Bxc3 b6 8. Bd3
Ba6 9. Qe2 Bxd3 10. Qxd3 O-O 11. b4 Ng6 12. Bd2 Nd7 13. e5 f5 14. g3 b5 15. a4
bxa4 16. Rxa4 Nb6 17. Ra2 Nc4 18. Bc1 a5 19. c3 axb4 20. Rxa8 Qxa8 21. O-O b3
22. Qb1 Qa2 23. Be3 Ra8 24. Re1 Nf8 25. h4 h6 26. h5 b2 27. Bd2 Qxb1 28. Rxb1
Ra1 29. Rf1 Rxf1+ 30. Kxf1 b1=Q+ 31. Kg2 Qc2 32. Bf4 Qxc3 33. Kh3 Qxf3 34. Be3
Qxh5+ 35. Kg2 Nxe3+ 36. fxe3 Qe2+ 37. Kh3 Qf1+ 38. Kh2 Qf2+ 39. Kh3 Qg1 40. g4
fxg4+ 41. Kh4 {(...51)} 41... g6 0-1

[Event "Integracyjny Turniej FIANCHETTO"]
[Site "Jastrzebia Gora"]
[Date "2013.??.??"]
[Round "3.26"]
[White "Krupecka-czarkowska, Danuta"]
[Black "Panczuk, Boleslaw"]
[Result "0-1"]
[WhiteElo "1233"]
[BlackElo "1436"]
[PlyCount "62"]
[EventDate "2013.??.??"]

1. e4 e6 2. d4 d5 3. Bd3 Nf6 4. exd5 exd5 5. Qe2+ Be7 6. Bb5+ Bd7 7. Nf3 a6 8.
Bd3 Nc6 9. Bg5 O-O 10. Nc3 Re8 11. O-O Bd6 12. Qd2 Nb4 13. Bxf6 Qxf6 14. Qg5
Qe6 15. Qh5 Nxd3 16. cxd3 h6 17. Nxd5 Bc6 18. Nc3 Qf6 19. d5 Bd7 20. Nd2 Qf4
21. Nde4 Re5 22. Qf3 Rxe4 23. Qxf4 Rxf4 24. g3 Rf3 25. d4 Re8 26. Kg2 Rd3 27.
Rad1 Bf5 28. Ne2 Rxd1 29. Nc3 Rxf1 30. Kxf1 Bh3+ 31. Kg1 Re1# 0-1

[Event "Integracyjny Turniej FIANCHETTO"]
[Site "Jastrzebia Gora"]
[Date "2013.??.??"]
[Round "3.27"]
[White "Pilecki, Jozef"]
[Black "Czarkowski, Jan"]
[Result "1-0"]
[WhiteElo "1399"]
[BlackElo "1289"]
[PlyCount "52"]
[EventDate "2013.??.??"]

1. e4 e5 2. Bc4 Nf6 3. Nc3 Bb4 4. Nge2 Bxc3 5. Nxc3 c6 6. Bb3 O-O 7. O-O d5 8.
exd5 cxd5 9. d3 Be6 10. Re1 d4 11. Ne4 Nxe4 12. Rxe4 Bxb3 13. axb3 Nc6 14. Bd2
f5 15. Re1 a5 16. c3 dxc3 17. Bxc3 b5 18. Bxe5 Nxe5 19. Rxe5 Qf6 20. Rxb5 Qxb2
21. Rbxa5 Rxa5 22. Rxa5 h6 23. Rc5 Qd4 24. Rc4 Qa7 25. h3 Re8 26. Qd2 26... Kh7
{(...36)} 1-0

[Event "Integracyjny Turniej FIANCHETTO"]
[Site "Jastrzebia Gora"]
[Date "2013.??.??"]
[Round "4.1"]
[White "Kiedrowicz, Jan"]
[Black "Bakalarz, Leszek"]
[Result "1-0"]
[WhiteElo "2312"]
[BlackElo "2148"]
[PlyCount "35"]
[EventDate "2013.??.??"]

1. Nf3 c5 2. c4 Nc6 3. Nc3 g6 4. e3 Bg7 5. d4 a6 6. dxc5 Qa5 7. Bd2 Qxc5 8. Nd5
Qd6 9. b4 b5 10. Rc1 Rb8 11. e4 bxc4 12. Bxc4 h6 13. O-O e6 14. Bf4 e5 15. Be3
Nxb4 16. Bb3 Nxd5 17. Bxd5 Qf6 18. Ba7 1-0

[Event "Integracyjny Turniej FIANCHETTO"]
[Site "Jastrzebia Gora"]
[Date "2013.??.??"]
[Round "4.2"]
[White "Wojcieszyn, Zdzislaw"]
[Black "Kaukiel, Piotr"]
[Result "0-1"]
[WhiteElo "2005"]
[BlackElo "2211"]
[PlyCount "60"]
[EventDate "2013.??.??"]

1. c4 Nf6 2. Nc3 g6 3. g3 Bg7 4. Bg2 O-O 5. Nf3 d6 6. d4 Nc6 7. O-O Bf5 8. Re1
Ne4 9. Nxe4 Bxe4 10. Be3 d5 11. Rc1 dxc4 12. Rxc4 Qd5 13. b3 Rfd8 14. Rc5 Qxc5
15. dxc5 Rxd1 16. Rxd1 Rd8 17. Rxd8+ Nxd8 18. Nd2 Bxg2 19. Kxg2 f5 20. f4 Kf7
21. Nf3 Bf6 22. Ne1 Ke6 23. Nd3 Kd5 24. Kf3 Nc6 25. a3 a5 26. h3 Nd4+ 27. Bxd4
Bxd4 28. b4 axb4 29. axb4 Kc4 30. e4 Kxd3 0-1

[Event "Integracyjny Turniej FIANCHETTO"]
[Site "Jastrzebia Gora"]
[Date "2013.??.??"]
[Round "4.3"]
[White "Schils, Heinz"]
[Black "Pioch, Zygmunt"]
[Result "1/2-1/2"]
[WhiteElo "1811"]
[BlackElo "2086"]
[PlyCount "73"]
[EventDate "2013.??.??"]

1. d4 Nf6 2. c4 e6 3. g3 d5 4. Bg2 Be7 5. Nf3 O-O 6. O-O dxc4 7. Qc2 a6 8. a4
Nc6 9. Qxc4 Qd5 10. Qxd5 exd5 11. Bf4 Bd6 12. Bxd6 cxd6 13. Nc3 Bg4 14. e3 Rac8
15. Rfc1 Nb4 16. Ne1 Rc7 17. Bf1 Rfc8 18. Nd3 Nxd3 19. Bxd3 Ne4 20. Bxe4 dxe4
21. Kf1 b6 22. Ke1 Be6 23. Kd2 f5 24. Ne2 Rxc1 25. Rxc1 Rxc1 26. Kxc1 Bb3 27.
Nc3 Kf7 28. Kd2 Ke6 29. h4 Kf6 30. a5 bxa5 31. Ne2 h6 32. Kc3 Bf7 33. Nc1 g5
34. hxg5+ Kxg5 35. Ne2 Kg4 36. Kd2 Kf3 37. Ke1 1/2-1/2

[Event "Integracyjny Turniej FIANCHETTO"]
[Site "Jastrzebia Gora"]
[Date "2013.??.??"]
[Round "4.4"]
[White "Wroblewski, Mieczyslaw"]
[Black "Szczepaniec, Stanislaw"]
[Result "0-1"]
[WhiteElo "1825"]
[BlackElo "1987"]
[PlyCount "74"]
[EventDate "2013.??.??"]

1. e4 c5 2. Nf3 Nc6 3. d4 cxd4 4. Nxd4 g6 5. Nc3 Bg7 6. Be3 Nf6 7. Be2 O-O 8.
O-O d5 9. Nxc6 bxc6 10. exd5 Nxd5 11. Nxd5 cxd5 12. Bd4 e5 13. Bc5 Re8 14. c3
Rb8 15. Qd2 Qc7 16. b4 Be6 17. a3 Red8 18. Qc2 Rd7 19. Qa4 f5 20. Qa6 Bf7 21.
Bb5 Rdd8 22. a4 e4 23. Rfc1 Be5 24. g3 f4 25. Bd4 fxg3 26. hxg3 Bxd4 27. cxd4
Qe7 28. Rc5 e3 29. f3 Rb6 30. Qa5 Qf6 31. Rf1 Qxd4 32. Re1 g5 33. Re2 Rdd6 34.
Kg2 g4 35. f4 Qe4+ 36. Kg1 Qb1+ 37. Kg2 Rh6 0-1

[Event "Integracyjny Turniej FIANCHETTO"]
[Site "Jastrzebia Gora"]
[Date "2013.??.??"]
[Round "4.5"]
[White "Najdzionek, Boleslaw"]
[Black "Witusik, Jerzy"]
[Result "1-0"]
[WhiteElo "1911"]
[BlackElo "1807"]
[PlyCount "71"]
[EventDate "2013.??.??"]

1. d4 g6 2. Nf3 d5 3. c4 c6 4. Nc3 Nf6 5. e3 Bg7 6. Bd3 Bg4 7. h3 Bxf3 8. Qxf3
e6 9. O-O O-O 10. Rd1 Nbd7 11. cxd5 exd5 12. Bd2 Re8 13. Rac1 Qe7 14. a3 Qe6
15. Bb1 b5 16. Ba2 Qd6 17. Ne2 Nb6 18. Bb4 Qd7 19. Ng3 a5 20. Bc5 Na4 21. Rd2
Ne4 22. Nxe4 Rxe4 23. Bb1 Re6 24. Qd1 h5 25. Bd3 f5 26. Be2 h4 27. Rdc2 Bf6 28.
Bf3 Kf7 29. Qd3 Qe8 30. Kh1 Rb8 31. Qd2 Nxc5 32. Rxc5 Be7 33. R5c2 b4 34. axb4
Bxb4 35. Qd3 Rd6 36. Rg1 {(...47)} 1-0

[Event "Integracyjny Turniej FIANCHETTO"]
[Site "Jastrzebia Gora"]
[Date "2013.??.??"]
[Round "4.6"]
[White "Jackowski, Ryszard"]
[Black "Krawcewicz, Lucyna"]
[Result "0-1"]
[WhiteElo "1764"]
[BlackElo "1935"]
[PlyCount "96"]
[EventDate "2013.??.??"]

1. e4 c5 2. Nf3 e6 3. d4 cxd4 4. Nxd4 Nf6 5. Nc3 Bb4 6. Bd3 d5 7. exd5 Bxc3+ 8.
bxc3 Qxd5 9. O-O O-O 10. Qe2 Bd7 11. Bc4 Qa5 12. Bd2 Qh5 13. Bf4 Nc6 14. Rab1
Na5 15. Bd3 Rac8 16. Qxh5 Nxh5 17. Bd6 Rfe8 18. Bb5 Bxb5 19. Rxb5 Nc4 20. Bb4
e5 21. Nf5 Rc7 22. Rd1 g6 23. Ne3 Nxe3 24. fxe3 b6 25. Rbd5 a5 26. Bd6 Rxc3 27.
Rxe5 Rxe3 28. Rxe3 Rxe3 29. Bc7 Re6 30. Rd8+ Kg7 31. Rb8 Rc6 32. Bxb6 Rxc2 33.
Bd4+ f6 34. Rb2 Rxb2 35. Bxb2 a4 36. Kf2 Kf7 37. g3 Ng7 38. Ke3 Ne6 39. Kd3 f5
40. Kc4 f4 41. gxf4 Nxf4 42. Kb4 Nd3+ 43. Ka3 Nxb2 44. Kxb2 g5 45. Ka3 g4 46.
Kxa4 h5 47. Kb4 h4 48. a4 g3 0-1

[Event "Integracyjny Turniej FIANCHETTO"]
[Site "Jastrzebia Gora"]
[Date "2013.??.??"]
[Round "4.8"]
[White "Tomczyk, Ryszard"]
[Black "Relidzynski, Tadeusz"]
[Result "0-1"]
[WhiteElo "1459"]
[BlackElo "1875"]
[PlyCount "68"]
[EventDate "2013.??.??"]

1. e4 c5 2. Bc4 Nc6 3. a3 Nf6 4. Nc3 e6 5. Nf3 d6 6. d3 Be7 7. h3 O-O 8. d4
cxd4 9. Nxd4 a6 10. Be3 Qc7 11. Bb3 Na5 12. Ba2 b5 13. O-O Nc4 14. Bc1 Bb7 15.
Re1 Rac8 16. Bb1 h6 17. Qd3 Rfd8 18. Qg3 Kh8 19. f3 Nh7 20. Kh1 Bf6 21. Nce2
Qe7 22. Qh2 d5 23. e5 Bxe5 24. f4 Bb8 25. b3 Nd6 26. Ng3 Qh4 27. Nf3 Qf6 28.
Ne5 Ne4 29. Nxe4 dxe4 30. Ra2 Bxe5 31. fxe5 Qf2 32. Qg1 Qxg1+ 33. Kxg1 Rd7 34.
Bb2 34... Nf8 {(...53)} 0-1

[Event "Integracyjny Turniej FIANCHETTO"]
[Site "Jastrzebia Gora"]
[Date "2013.??.??"]
[Round "4.9"]
[White "Woda, Janusz"]
[Black "Niecko, Stanislaw"]
[Result "0-1"]
[WhiteElo "1554"]
[BlackElo "1817"]
[PlyCount "134"]
[EventDate "2013.??.??"]

1. b4 d5 2. Bb2 Qd6 3. a3 a5 4. b5 e5 5. e3 Nf6 6. h3 Bf5 7. Nf3 Nbd7 8. a4 c5
9. Ba3 Qc7 10. c4 e4 11. Nh4 Be6 12. cxd5 Bxd5 13. Nc3 Be6 14. g4 g5 15. Ng2 h5
16. gxh5 Qe5 17. Be2 Nb6 18. Rb1 Nc4 19. Bb2 Nxb2 20. Rxb2 c4 21. b6 Bb4 22.
Qc2 O-O-O 23. Nb1 Kb8 24. Nc3 Rxd2 25. Kxd2 Bxc3+ 26. Kc1 Bxb2+ 27. Qxb2 Qxb2+
28. Kxb2 Nxh5 29. Bg4 f5 30. Be2 Nf6 31. h4 gxh4 32. Nf4 Bf7 33. Kc3 Nd5+ 34.
Nxd5 Bxd5 35. Kd4 Bc6 36. Bd1 Kc8 37. Kxc4 h3 38. Kc5 Kd7 39. Bb3 h2 40. Bd5
Bxd5 41. Kxd5 Ke7 42. Ke5 Rh5 43. Kf4 Kd6 44. Kg3 Kc5 45. Kg2 Kxb6 46. Rb1+ Kc6
47. Kh1 b6 48. Rb5 Kc7 49. Re5 Kc6 50. Rb5 Kc7 51. Re5 Kc6 52. Rb5 Kc7 53. Rb2
Kc6 54. Rc2+ Kb7 55. Rc4 Kb8 56. f3 exf3 57. Rf4 Kc7 58. Rxf3 Kc6 59. Rf2 b5
60. Rc2+ Kb6 61. Rb2 b4 62. Rf2 Rh3 63. Re2 b3 64. Re1 Kc5 65. e4 f4 66. e5 Re3
67. Rxe3 fxe3 0-1

[Event "Integracyjny Turniej FIANCHETTO"]
[Site "Jastrzebia Gora"]
[Date "2013.??.??"]
[Round "4.10"]
[White "Rogalski, Krzysztof"]
[Black "Zawada, Andrzej"]
[Result "1/2-1/2"]
[WhiteElo "1805"]
[BlackElo "1718"]
[PlyCount "31"]
[EventDate "2013.??.??"]

1. d4 d5 2. Nf3 Nf6 3. Bg5 e6 4. e3 Be7 5. Bd3 h6 6. Bxf6 Bxf6 7. Nc3 O-O 8.
Qe2 c6 9. e4 dxe4 10. Qxe4 g6 11. Ne2 Qb6 12. O-O-O c5 13. Ne5 cxd4 14. Nxd4
Nc6 15. Ndxc6 bxc6 16. f4 {(...36)} 1/2-1/2

[Event "Integracyjny Turniej FIANCHETTO"]
[Site "Jastrzebia Gora"]
[Date "2013.??.??"]
[Round "4.11"]
[White "Grabarczyk, Edmund"]
[Black "Mirski, Jerzy"]
[Result "0-1"]
[WhiteElo "1394"]
[BlackElo "1801"]
[PlyCount "43"]
[EventDate "2013.??.??"]

1. e4 e5 2. Nf3 Nc6 3. Nc3 d6 4. Bc4 Be7 5. O-O Nf6 6. h3 h6 7. d3 O-O 8. Nh2
Nh7 9. f4 exf4 10. Bxf4 Bg5 11. Qd2 Nd4 12. Rac1 Bxf4 13. Qxf4 a6 14. Nf3 Nxf3+
15. Rxf3 Kh8 16. Rcf1 Ng5 17. R3f2 Be6 18. Nd5 c6 19. Ne3 d5 20. exd5 cxd5 21.
Bb3 Qb6 22. Kh1 {(...76)} 0-1

[Event "Integracyjny Turniej FIANCHETTO"]
[Site "Jastrzebia Gora"]
[Date "2013.??.??"]
[Round "4.12"]
[White "Wojtowicz, Mieczyslaw"]
[Black "Karolak, Jan"]
[Result "0-1"]
[WhiteElo "1675"]
[BlackElo "1905"]
[PlyCount "70"]
[EventDate "2013.??.??"]

1. e4 Nf6 2. Nc3 d5 3. exd5 Nxd5 4. Nxd5 Qxd5 5. Nf3 Nc6 6. c3 Ne5 7. Nxe5
Qxe5+ 8. Be2 Bg4 9. f3 Bd7 10. O-O e6 11. d4 Qh5 12. Bf4 O-O-O 13. Qd2 f6 14.
Bg3 g5 15. h3 f5 16. Be5 Rg8 17. Kf2 f4 18. Ke1 Bg7 19. g4 Qh4+ 20. Kd1 Bxe5
21. dxe5 Bb5 22. Bxb5 Rxd2+ 23. Kxd2 Rd8+ 24. Kc2 Qxh3 25. Rae1 Qh6 26. Rh1
Qg6+ 27. Re4 c6 28. Bd3 Qf7 29. Re2 Qe7 30. Rxh7 Qc5 31. Rh1 Qd5 32. Be4 Qxa2
33. Ree1 Qa4+ 34. Kb1 Qb3 35. Bc2 35... Qc4 {(...53)} 0-1

[Event "Integracyjny Turniej FIANCHETTO"]
[Site "Jastrzebia Gora"]
[Date "2013.??.??"]
[Round "4.13"]
[White "Jasinska-kuzia, Lidia"]
[Black "Grabczynski, Zdzislaw"]
[Result "1/2-1/2"]
[WhiteElo "1605"]
[BlackElo "1797"]
[PlyCount "38"]
[EventDate "2013.??.??"]

1. e4 d6 2. d4 g6 3. c3 Bg7 4. Bc4 Nf6 5. Qc2 c6 6. Ne2 O-O 7. O-O Nbd7 8. h3
e5 9. Bg5 Qc7 10. Nd2 b5 11. Bb3 c5 12. dxc5 dxc5 13. a3 c4 14. Ba2 Bb7 15. Be3
Nc5 16. Bxc5 Qxc5 17. Kh1 Rad8 18. Ng3 Rd3 19. Rad1 Rfd8 1/2-1/2

[Event "Integracyjny Turniej FIANCHETTO"]
[Site "Jastrzebia Gora"]
[Date "2013.??.??"]
[Round "4.14"]
[White "Zatylny, Jan"]
[Black "Szydlowski, Wiktor"]
[Result "0-1"]
[WhiteElo "1583"]
[BlackElo "1792"]
[PlyCount "56"]
[EventDate "2013.??.??"]

1. d4 d5 2. c4 e5 3. e3 dxc4 4. Bxc4 e4 5. Nc3 Nf6 6. Qb3 Qd7 7. Nge2 Nc6 8.
Bb5 a6 9. Bxc6 bxc6 10. Ng3 Qg4 11. a3 Bd6 12. Qc4 Bd7 13. h3 Qg6 14. Nce2 O-O
15. Nf4 Qg5 16. Qe2 Rfe8 17. O-O c5 18. Qd1 cxd4 19. Qxd4 h5 20. Qd1 h4 21.
Ngh5 Nxh5 22. Kh1 Bb5 23. Rg1 Nxf4 24. exf4 Bxf4 25. Bxf4 Qxf4 26. Re1 Rad8 27.
Qc1 Qxf2 28. Qxc7 28... Rd2 {(...36)} 0-1

[Event "Integracyjny Turniej FIANCHETTO"]
[Site "Jastrzebia Gora"]
[Date "2013.??.??"]
[Round "4.15"]
[White "Salamon, Jan"]
[Black "Grobelna, Ewa"]
[Result "1-0"]
[WhiteElo "1788"]
[BlackElo "1541"]
[PlyCount "71"]
[EventDate "2013.??.??"]

1. e4 e5 2. Nf3 Nc6 3. Bc4 h6 4. d4 exd4 5. Nxd4 d6 6. O-O Nf6 7. Nxc6 bxc6 8.
e5 dxe5 9. Bxf7+ Ke7 10. Bg6 Qxd1 11. Rxd1 Be6 12. Nc3 Rd8 13. Be3 Rxd1+ 14.
Rxd1 Bd5 15. Bxa7 Kd8 16. Be3 Kc8 17. b3 Bb4 18. Ne2 Be4 19. Bxe4 Nxe4 20. h3
Re8 21. g4 Bd6 22. Kg2 Rd8 23. f3 Nf6 24. h4 Nd5 25. Bc1 Nf4+ 26. Bxf4 exf4 27.
a4 Bf8 28. Rxd8+ Kxd8 29. Nc3 Bb4 30. Ne4 Be7 31. h5 Kd7 32. Kf1 Ke6 33. Ke2
Kd5 34. Kd3 Bc5 35. c3 Be3 36. b4 1-0

[Event "Integracyjny Turniej FIANCHETTO"]
[Site "Jastrzebia Gora"]
[Date "2013.??.??"]
[Round "4.16"]
[White "Zieba, Teofil"]
[Black "Lenart, Franciszek"]
[Result "1-0"]
[WhiteElo "1767"]
[BlackElo "1573"]
[PlyCount "69"]
[EventDate "2013.??.??"]

1. e4 e5 2. Nf3 d6 3. d4 exd4 4. Nxd4 Be7 5. Nc3 Nf6 6. Be2 c5 7. Nf3 Nc6 8.
O-O O-O 9. Bf4 Nh5 10. Be3 Nf6 11. Re1 Nb4 12. a3 Nc6 13. Qd2 Ng4 14. Bf4 Nf6
15. Rad1 h6 16. Bxd6 Bxd6 17. Qxd6 Qb6 18. Rb1 Rd8 19. Qf4 Nh5 20. Qh4 Nf6 21.
h3 Nh7 22. Nd5 Qa5 23. Red1 Be6 24. c4 Rd7 25. Rd2 Nd4 26. Nxd4 Qxd2 27. Nxe6
fxe6 28. Ne7+ Rxe7 29. Qxe7 Qxe2 30. Qxe6+ Kh8 31. Qd5 Rf8 32. Rf1 Nf6 33. Qxc5
Rg8 34. e5 b6 35. Qc7 {(...70)} 1-0

[Event "Integracyjny Turniej FIANCHETTO"]
[Site "Jastrzebia Gora"]
[Date "2013.??.??"]
[Round "4.17"]
[White "Strojek, Kazimierz"]
[Black "Kondrusik, Aleksander"]
[Result "1-0"]
[WhiteElo "1737"]
[BlackElo "1530"]
[PlyCount "76"]
[EventDate "2013.??.??"]

1. e4 e5 2. Nf3 Nc6 3. d4 exd4 4. Nxd4 d6 5. Be3 Be7 6. Bc4 Ne5 7. Be2 Nf6 8.
f3 Bd7 9. O-O a6 10. c4 O-O 11. Nc3 Nc6 12. Nc2 Be6 13. b3 Nd7 14. Qd2 Bf6 15.
Rad1 g6 16. Bd3 Nde5 17. Ne2 Nxd3 18. Qxd3 Bg7 19. Nf4 Qe8 20. Qd2 b5 21. Nd5
Rc8 22. cxb5 axb5 23. Nf4 Ne5 24. Nd4 Bd7 25. Nd5 Be6 26. Nc3 Rb8 27. Bg5 f6
28. Nxe6 Qxe6 29. Be3 Rfd8 30. Qe2 c6 31. Rd2 Qc8 32. Rfd1 Nf7 33. Qf2 f5 34.
Bd4 Bh6 35. Rc2 c5 36. Nd5 Qe6 37. Re1 Ne5 38. Bxe5 dxe5 1-0

[Event "Integracyjny Turniej FIANCHETTO"]
[Site "Jastrzebia Gora"]
[Date "2013.??.??"]
[Round "4.18"]
[White "Olszewski, Jerzy"]
[Black "Piasecki, Stanislaw"]
[Result "1-0"]
[WhiteElo "1778"]
[BlackElo "1648"]
[PlyCount "59"]
[EventDate "2013.??.??"]

1. e4 c6 2. g3 d5 3. exd5 cxd5 4. Bg2 Nf6 5. Nf3 Nc6 6. d4 Bf5 7. O-O e6 8. c3
Bd6 9. Re1 O-O 10. Bg5 h6 11. Bxf6 Qxf6 12. Nbd2 Rab8 13. Re3 Rfd8 14. Qe2 a6
15. Ne5 Qe7 16. Nd3 Qc7 17. h3 Rbc8 18. Rf1 Qb8 19. f4 Rc7 20. g4 Bg6 21. Ne5
Ne7 22. Nxg6 Nxg6 23. f5 Nf4 24. Qf2 Rf8 25. Rf3 Nxg2 26. Qxg2 Rcc8 27. Qf2
Rcd8 28. Kg2 Qc8 29. Qh4 Qc7 30. f6 1-0